Statistics for Island Countries by Partial Satellite Image

Click here to take the quiz!

General Stats

  • This quiz has been taken 7 times
  • The average score is 13 of 16

Answer Stats

Answer% Correct
Cyprus
100%
Japan
100%
Cuba
86%
Haiti
86%
Iceland
86%
Indonesia
86%
Ireland
86%
New Zealand
86%
Philippines
86%
United Kingdom
86%
Madagascar
71%
Malta
71%
Papua New Guinea
71%
Sri Lanka
71%
Taiwan
71%
Cape Verde
43%

Score Distribution

Percentile by Number Answered

Percent of People with Each Score

Your Score History

You have not taken this quiz